Statystyki dla Najdroższe transfery Realu Madryt w historii.

Kliknij tutaj aby rozwiązać quiz!

Ogólne statystyki

  • Ten quiz został rozwiązany 373 razy
  • Średni wynik to 9 z 10

Statystyki odpowiedzi

SezonCenaKrajPoprzedni klubPiłkarz% Poprawnych
13/14101 mlnWaliaTottenhamBale
99%
09/1094 mlnPortugaliaManchester UnitedRonaldo
99%
19/20115 mlnBelgiaChelseaHazard
97%
00/0160 mlnPortugaliaBarcelonaFigo
92%
01/0278 mlnFrancjaJuventusZidane
88%
19/2063 mlnSerbiaEintracht FrankfurtJovic
85%
14/1575 mlnKolumbiaMonacoJames
83%
09/1067 mlnBrazyliaMilanKaka
81%
19/2050 mlnBrazyliaPortoMilitao
69%
19/2048 mlnFrancjaOlympique LyonMendy
66%

Rozkład punktacji

Percentyl według liczby udzielonych odpowiedzi

Procent ludzi z każdym wynikiem

Twoja historia wyników

Nie rozwiązałeś tego quizu